000
002920000a22001210004500
060
_a
100
082
_a
581.012095483 TOT.11
100
_a
Henricum, von rhede
100
_a
Tot, Drakestein
245
_a
Hortus Malabaricus V 11
260
_a
Amsterdam, Henrici & Theodori Boom
942
_c
BK
999
_c
346757
_d
346757